<?xml version="1.0" encoding="UTF-8"?>
<record
    xmlns:xsi="http://www.w3.org/2001/XMLSchema-instance"
    xsi:schemaLocation="http://www.loc.gov/MARC21/slim http://www.loc.gov/standards/marcxml/schema/MARC21slim.xsd"
    xmlns="http://www.loc.gov/MARC21/slim">

  <leader>02956cam a2200349 a 4500</leader>
  <controlfield tag="003">EG-GiCUC</controlfield>
  <controlfield tag="005">20250223032753.0</controlfield>
  <controlfield tag="008">210626s2020    ua dh  f m    000 0 eng d</controlfield>
  <datafield tag="040" ind1=" " ind2=" ">
    <subfield code="a">EG-GiCUC</subfield>
    <subfield code="b">eng</subfield>
    <subfield code="c">EG-GiCUC</subfield>
  </datafield>
  <datafield tag="041" ind1="0" ind2=" ">
    <subfield code="a">eng</subfield>
  </datafield>
  <datafield tag="049" ind1=" " ind2=" ">
    <subfield code="a">Deposite</subfield>
  </datafield>
  <datafield tag="097" ind1=" " ind2=" ">
    <subfield code="a">Ph.D</subfield>
  </datafield>
  <datafield tag="099" ind1=" " ind2=" ">
    <subfield code="a">Cai01.11.05.Ph.D.2020.Ih.C</subfield>
  </datafield>
  <datafield tag="100" ind1="0" ind2=" ">
    <subfield code="a">Ihab Muhammad Ragab Alaqtash</subfield>
  </datafield>
  <datafield tag="245" ind1="1" ind2="0">
    <subfield code="a">Comparison between bretschneider-HTK cadioplegia and cold blood cardioplegia as a method for myocardial protection in thoracic aortic surgery / </subfield>
    <subfield code="c">Ihab Muhammad Ragab Alaqtash ; Supervised Said Abdelaziz Badr , Maged Salah Muhammad , Ahmed Abdelaziz Elsharkawy</subfield>
  </datafield>
  <datafield tag="246" ind1="1" ind2="5">
    <subfield code="a">&#x645;&#x642;&#x627;&#x631;&#x646;&#x629; &#x628;&#x64A;&#x646; &#x645;&#x62D;&#x644;&#x648;&#x644; &#x628;&#x628;&#x631; &#x62A;&#x634;&#x646;&#x64A;&#x62F;&#x631; &#x648;&#x645;&#x62D;&#x644;&#x648;&#x644; &#x627;&#x644;&#x62F;&#x645; &#x627;&#x644;&#x628;&#x627;&#x631;&#x62F; &#x643;&#x648;&#x633;&#x64A;&#x644;&#x629; &#x644;&#x62C;&#x645;&#x627;&#x64A;&#x629; &#x627;&#x644;&#x642;&#x644;&#x628; &#x641;&#x649; &#x62C;&#x631;&#x627;&#x62D;&#x627;&#x62A; &#x627;&#x644;&#x634;&#x631;&#x64A;&#x627;&#x646; &#x627;&#x644;&#x627;&#x648;&#x631;&#x637;&#x649; &#x627;&#x644;&#x635;&#x62F;&#x631;&#x649; </subfield>
  </datafield>
  <datafield tag="260" ind1=" " ind2=" ">
    <subfield code="a">Cairo : </subfield>
    <subfield code="b">Ihab Muhammad Ragab Alaqtash , </subfield>
    <subfield code="c">2020</subfield>
  </datafield>
  <datafield tag="300" ind1=" " ind2=" ">
    <subfield code="a">114 P. : </subfield>
    <subfield code="b">charts , facsimiles ; </subfield>
    <subfield code="c">25cm </subfield>
  </datafield>
  <datafield tag="502" ind1=" " ind2=" ">
    <subfield code="a">Thesis (Ph.D.) - Cairo University - Faculty of Medicine - Department of Cardiothoracic Surgery</subfield>
  </datafield>
  <datafield tag="520" ind1=" " ind2=" ">
    <subfield code="a">Background : Myocardial protection has a major impact on the postoperative outcome of patients undergoing cardiac surgery with the use of extracorporeal circulation . Myocardial protection is mainly achieved by administration of cardioplegic solution ,Therefore it is essential to achieve an adequate and effective method of cardioplegia. Methods : We evaluate post-operative cardiac Troponin I (cTnI) release, low cardiac output syndrome (LCOS) and mortality, using a cold crystalloid single- dose intracellular or cold blood multidose cardioplegia in 100 elective or emergent thoracic aorta operation patients. Fifty patients (HTK group) received Custodiol cardioplegic solution and fifty received cold blood cardioplegia (CB group). Results: cTnI peak release , duration of inotropic support &amp; intensive care unit (ICU) stay was more in the cold blood group . Hemofiltration and intraoperative requirement of blood products transfusion was more in the HTK group. No differences were found for Cross-clamp time, cardiopulmonary bypass (CPB) , atrial and ventricular arrhythmias, postoperative ejection fraction (EF) &amp; LCOS and in-hospital mortality. Conclusion: HTK and CB cardioplegic solutions assure good myocardial protection in patients undergoing thoracic aorta operations. In long cross-clamp times, the lower post-operative cTnI release detected using HTK may be indicative of a better myocardial protection in these extreme conditions </subfield>
  </datafield>
  <datafield tag="530" ind1=" " ind2=" ">
    <subfield code="a">Issued also as CD</subfield>
  </datafield>
  <datafield tag="653" ind1=" " ind2="4">
    <subfield code="a">Aortic operation </subfield>
  </datafield>
  <datafield tag="653" ind1=" " ind2="4">
    <subfield code="a">Cardioplegia </subfield>
  </datafield>
  <datafield tag="653" ind1=" " ind2="4">
    <subfield code="a">Myocardial protection </subfield>
  </datafield>
  <datafield tag="700" ind1="0" ind2=" ">
    <subfield code="a">Ahmed Abdelaziz Elsharkawy , </subfield>
    <subfield code="e">Supervisor</subfield>
  </datafield>
  <datafield tag="700" ind1="0" ind2=" ">
    <subfield code="a">Maged Salah Muhammad , </subfield>
    <subfield code="e">Supervisor</subfield>
  </datafield>
  <datafield tag="700" ind1="0" ind2=" ">
    <subfield code="a">Said Abdelaziz Badr , </subfield>
    <subfield code="e">Supervisor</subfield>
  </datafield>
  <datafield tag="856" ind1=" " ind2=" ">
    <subfield code="u">http://172.23.153.220/th.pdf</subfield>
  </datafield>
  <datafield tag="905" ind1=" " ind2=" ">
    <subfield code="a">Nazla</subfield>
    <subfield code="e">Revisor</subfield>
  </datafield>
  <datafield tag="905" ind1=" " ind2=" ">
    <subfield code="a">Shimaa</subfield>
    <subfield code="e">Cataloger</subfield>
  </datafield>
  <datafield tag="942" ind1=" " ind2=" ">
    <subfield code="2">ddc</subfield>
    <subfield code="c">TH</subfield>
  </datafield>
  <datafield tag="999" ind1=" " ind2=" ">
    <subfield code="c">81398</subfield>
    <subfield code="d">81398</subfield>
  </datafield>
  <datafield tag="952" ind1=" " ind2=" ">
    <subfield code="2">ddc</subfield>
    <subfield code="7">0</subfield>
    <subfield code="a">CUCL</subfield>
    <subfield code="b">cl210</subfield>
    <subfield code="d">2024-02-11</subfield>
    <subfield code="o">Cai01.11.05.Ph.D.2020.Ih.C</subfield>
    <subfield code="p">01010110083731000</subfield>
    <subfield code="r">2023-09-22 00:00:00</subfield>
    <subfield code="y">TH</subfield>
  </datafield>
  <datafield tag="952" ind1=" " ind2=" ">
    <subfield code="2">ddc</subfield>
    <subfield code="7">0</subfield>
    <subfield code="a">CUCL</subfield>
    <subfield code="b">cl2u8</subfield>
    <subfield code="d">2024-02-11</subfield>
    <subfield code="o">Cai01.11.05.Ph.D.2020.Ih.C</subfield>
    <subfield code="p">01020110083731000</subfield>
    <subfield code="r">2023-09-22 00:00:00</subfield>
    <subfield code="t">83731.CD     </subfield>
    <subfield code="y">CD</subfield>
  </datafield>
</record>
